Intermediate combustion products of aluminium nanopowder in air; The 8th International Forum on Strategic Technology (IFOST-2013), June 28 - July 1, 2013, Ulaanbaatar, Mongolia; Vol. 1

Bibliografiske detaljer
Parent link:The 8th International Forum on Strategic Technology (IFOST-2013), June 28 - July 1, 2013, Ulaanbaatar, Mongolia: [proceedings]/ Mongolian University of Science and Technology.— , 2013
Vol. 1.— 2013.— [P. 43-46]
Hovedforfatter: Ilyin A. P. Aleksandr Petrovich
Institution som forfatter: Национальный исследовательский Томский политехнический университет (ТПУ) Институт физики высоких технологий (ИФВТ) Кафедра общей химии и химической технологии (ОХХТ)
Andre forfattere: Root L. O. Lyudmila Olegovna, Zvyagintseva E. S. Evgeniya Sergeevna
Summary:Title screen
Experimental methods for aluminum nitride rate increase at combustion of aluminium nanopowder in air, such as increase of aluminum nanopowder sample mass, air volume limitation, etc. are examined in the paper. The influence of infrared radiation on aluminium nanopowder and its mixtures samples on aluminum and titanium nitrides rate in combustion products was experimentally investigated in the work. The complex effect of infrared radiation on nitrides rate was established in the paper.
Режим доступа: по договору с организацией-держателем ресурса
Sprog:engelsk
Udgivet: 2013
Fag:
Online adgang:http://dx.doi.org/10.1109/IFOST.2013.6616946
Format: MixedMaterials Electronisk Book Chapter
KOHA link:https://koha.lib.tpu.ru/cgi-bin/koha/opac-detail.pl?biblionumber=646786

MARC

LEADER 00000naa0a2200000 4500
001 646786
005 20250611085320.0
035 |a (RuTPU)RU\TPU\network\11922 
090 |a 646786 
100 |a 20160315d2013 k y0rusy50 ba 
101 0 |a eng 
102 |a US 
135 |a drcn ---uucaa 
181 0 |a i  
182 0 |a b 
200 1 |a Intermediate combustion products of aluminium nanopowder in air  |f A. P. Ilyin, L. O. Root, E. S. Zvyagintseva 
203 |a Text  |c electronic 
300 |a Title screen 
320 |a [References: 6 tit.] 
330 |a Experimental methods for aluminum nitride rate increase at combustion of aluminium nanopowder in air, such as increase of aluminum nanopowder sample mass, air volume limitation, etc. are examined in the paper. The influence of infrared radiation on aluminium nanopowder and its mixtures samples on aluminum and titanium nitrides rate in combustion products was experimentally investigated in the work. The complex effect of infrared radiation on nitrides rate was established in the paper. 
333 |a Режим доступа: по договору с организацией-держателем ресурса 
461 |t The 8th International Forum on Strategic Technology (IFOST-2013), June 28 - July 1, 2013, Ulaanbaatar, Mongolia  |o [proceedings]  |o in 2 vol.  |f Mongolian University of Science and Technology  |d 2013 
463 |t Vol. 1  |v [P. 43-46]  |d 2013 
610 1 |a электронный ресурс 
610 1 |a труды учёных ТПУ 
610 1 |a combustion 
610 1 |a aluminium 
700 1 |a Ilyin  |b A. P.  |c chemist  |c Professor of Tomsk Polytechnic University, Doctor of physical and mathematical sciences  |f 1949-  |g Aleksandr Petrovich  |3 (RuTPU)RU\TPU\pers\33060 
701 1 |a Root  |b L. O.  |c chemist  |c Associate Professor of Tomsk Polytechnic University, Candidate of technical science  |f 1982-  |g Lyudmila Olegovna  |3 (RuTPU)RU\TPU\pers\31506  |9 15667 
701 1 |a Zvyagintseva  |b E. S.  |c химик  |c аспирант Томского политехнического университета  |f 1988-  |g Evgeniya Sergeevna  |3 (RuTPU)RU\TPU\pers\28576 
712 0 2 |a Национальный исследовательский Томский политехнический университет (ТПУ)  |b Институт физики высоких технологий (ИФВТ)  |b Кафедра общей химии и химической технологии (ОХХТ)  |3 (RuTPU)RU\TPU\col\21253 
801 2 |a RU  |b 63413507  |c 20181112  |g RCR 
850 |a 63413507 
856 4 |u http://dx.doi.org/10.1109/IFOST.2013.6616946 
942 |c CF